000 01519cab a2200325 4500
001 X1378
008 090401t1994 xxu||||| |||| 00| 0 eng d
035 _a(Sirsi) u16623
041 _aeng
245 _aWest Lancashire DC v Fairclough Homes Lrd
260 _c1994
350 _a0
490 _aPlanning Appeal Decisions
_v(1994) 9 PAD 144-149(6)
520 _aDecision letter 8 October 1993. Development of 85 deteched and semi-detached houses with garages and estate road - section 106 agreement - possible conflict with development plan - structure and local plans - green belt - development of unusual sites - 7 acre site - former school playing fields - whether failure to acrry out envisaged review of local plan renedered it out of date - housing needs - windfall sites - slippage - constraints on sites - whether shortfall of available housing land - other sites - threat to green belt - appela site costs - whether council had been unreasonable.
650 _aDEVELOPMENT PLAN
650 _aDOE CIRCULAR 08/1993
650 _aGREEN BELT
650 _aLOCAL GOVERNMENT ACT 1972 S250
650 _aPLAYING FIELDS
650 _aPPG12
650 _aPPG3
650 _aTOWN AND COUNTRY PLANNING ACT 1990 S106
650 _aTOWN AND COUNTRY PLANNING ACT 1990 S106
650 _aTOWN AND COUNTRY PLANNING ACT 1990 S54A
650 _aTOWN AND COUNTRY PLANNING ACT 1990 S78
650 _aWINDFALL SITES
690 _aPLANNING LAW AND PRACTICE-CASE LAW
942 _n0
948 _c04/03/1997
999 _c10969
_d10969